Largest US Cities in landlocked states - Statistics

General Stats
  • This quiz has been taken 60 times
  • The average score is 19 of 20
Answer Stats
Population State Answer % Correct
2.7 mil Illinois Chicago
100%
600K Nevada Las Vegas
100%
650K Colorado Denver
98%
690K Michigan Detroit
98%
840K Indiana Indianapolis
98%
610K Oklahoma Oklahoma City
98%
1.6 mil Pennsylvania Philadelphia
98%
1.5 mil Arizona Phoenix
98%
470K Missouri Kansas City
96%
630K Tennessee Nashville
96%
650K District of Columbia Washington
96%
440K Colorado Colorado Springs
94%
820K Ohio Columbus
94%
610K Kentucky Louisville
94%
650K Tennessee Memphis
94%
600K Wisconsin Milwaukee
94%
430K Nebraska Omaha
94%
530K Arizona Tucson
94%
560K New Mexico Albuquerque
93%
460K Arizona Mesa
85%
No matching quizzes found
Score Distribution
Percent of People with Each Score
Percentile by Number Answered
Your Score History
You have not taken this quiz